00670nam a22002057a 450000500170000001000130001702000220003003500130005203700160006504000120008108200160009311000700010924500510017926000420023027000330027230000260030550000550033165000440038665000340043020170124110243.0 aA-371382 c00.00a9231023713 aA-371382 bCen Lib/Ret aDPLbEN a341.65bINT bUnited Nations. Educational, Scientific and Cultural Organization aInternational dimensions of humanitarian law / aUnescobHenry Dunant Institute c1988 a7 Place de Fontenoy, bParis axxii,328p. c24cm(hb) aIncludes bibliographical references and index  aWar victims -- Legal status, laws, etc. aVictimes de guerre -- Droits.